000
00252nam a22001097a 4500
082
_a
625.85
_b
ASP
_c
D
110
_a
Govt of India
_9
37860
245
_a
Asphalt
300
_a
125p.:
_b
ill.;
526
_a
0
_b
0
_c
0
_d
625_850000000000000_ASP
942
_2
ddc
_c
BK
999
_c
547716
_d
547716